Statistiques concernant Cinq pays les plus pauvres par continent

Cliquez ici pour prendre le quiz!

Statistiques générales

  • Ce quiz a été pris 23 364 fois
  • Le résultat moyen est 14 sur 30

Statistiques - réponses

ContinentPIB par habitantPays% Correct
Amérique du Sud5 040 $Venezuela
67%
Amérique du Sud8 880 $Bolivie
66%
Amérique du Sud13 200 $Pérou
66%
Amérique du Sud13 700 $Paraguay
64%
Europe11 600 $Kosovo
62%
Amérique du Sud11 200 $Équateur
61%
Afrique891 $Somalie
61%
Europe15 200 $Albanie
57%
Europe8 920 $Moldavie
57%
Amérique du Nord2 960 $Haïti
56%
Amérique du Nord5 730 $Honduras
54%
Amérique du Nord8 690 $Guatemala
50%
Amérique du Nord5 520 $Nicaragua
50%
Europe13 300 $Ukraine
50%
Amérique du Nord6 490 $Belize
46%
Europe15 900 $Bosnie-Herzégovine
45%
Asie1 550 $Corée du Nord
44%
Asie2 100 $Afghanistan
41%
Afrique1 030 $Soudan du Sud
39%
Asie2 750 $Syrie
39%
Océanie2 600 $Vanuatu
39%
Océanie3 050 $Micronésie
38%
Océanie3 520 $Îles Marshall
36%
Océanie2 220 $Kiribati
36%
Océanie2 360 $Salomon
36%
Afrique771 $Burundi
34%
Asie2 100 $Yémen
34%
Afrique1 100 $Malawi
27%
Afrique1 010 $République Centrafricaine
27%
Asie3 120 $Timor oriental
21%

Distribution des résultats

Percentile par nombre de réponses

% des personnes avec chaque résultat

Votre développement - résultats

Vous n’avez pas pris ce quiz